Normal view
MARC view
Entry Topical Term
001 - CONTROL NUMBER
- control field: 36625
003 - CONTROL NUMBER IDENTIFIER
- control field: OSt
005 - DATE AND TIME OF LATEST TRANSACTION
- control field: 20230307143421.0
008 - FIXED-LENGTH DATA ELEMENTS
- fixed length control field: 230307|| aca||aabn | a|a d
040 ## - CATALOGING SOURCE
- Original cataloging agency: OSt
- Transcribing agency: OSt
150 ## - HEADING--TOPICAL TERM
- Topical term or geographic name entry element: Labour law reforms, Industrial Relations Code, 2020, Labour market flexibility, Fixed term employment, Trade unions, Strike.
670 ## - SOURCE DATA FOUND
- Source citation: Work cat.: (OSt): Bhuta, Aishwarya 36624, Imbalancing act: India’s industrial relations code, 2020
